Konferencia szövegszerkesztőre

Elmentve itt :
Bibliográfiai részletek
Szerző: Bocsor Péter
Dokumentumtípus: Cikk
Megjelent: 1995
Sorozat:Tiszatáj 49 No. 6
Kulcsszavak:Magyar irodalom - könyvismertetés
Online Access:http://tiszataj.bibl.u-szeged.hu/15954
LEADER 00587nab a2200181 i 4500
001 tisza15954
005 20200330153743.0
008 161118s1995 hu o 0|| hun d
022 |a 0133-1167 
040 |a SZTE Tiszatáj Archívum  |b hun 
041 |a hun 
100 1 |a Bocsor Péter 
245 1 0 |a Konferencia szövegszerkesztőre  |h [elektronikus dokumentum] /  |c  Bocsor Péter 
260 |c 1995 
300 |a 91-93 
490 0 |a Tiszatáj  |v 49 No. 6 
695 |a Magyar irodalom - könyvismertetés 
856 4 0 |u http://tiszataj.bibl.u-szeged.hu/15954/1/tiszataj_1995_006_091-093.pdf  |z Dokumentum-elérés